[Event "4NCL Online Division 7"]
[Site "online"]
[Date "2021.04.20"]
[EventDate "2021.04.20"]
[Round "7.102"]
[White "Cooper, John L"]
[WhiteElo "1327"]
[WhiteTeam "The Hemel's Gambit"]
[Black "Busznyak, Arpad"]
[BlackElo "1593"]
[BlackTeam "Bolton and Worsley 2"]
[Result "0-1"]
[PlyCount "158"]

1. e4 e5 2. Nf3 Nc6 3. d4 exd4 4. Nxd4 Nge7 5. Nxc6 Nxc6 6. Nc3 Bc5 7. Nd5 O-O 8. Be3 Bb6 9. Nxb6 axb6 10. a3 d6 11. Be2 Re8 12. Bf3 Ne5 13. Be2 Bd7 14. O-O Ng6 15. Qd3 Bc6 16. f3 d5 17. exd5 Bxd5 18. Rfe1 Bc6 19. Qc3 Ra5 20. Rad1 Qh4 21. Bf2 Qg5 22. Bg3 Rc5 23. Qb3 Bd5 24. c4 Be6 25. Bf1 b5 26. Qb4 b6 27. b3 Rd8 28. Rxd8+ Qxd8 29. Qc3 bxc4 30. Bxc4 b5 31. Bf2 Rc6 32. Re4 bxc4 33. Rd4 Rd6 34. Rxd6 Qxd6 35. bxc4 h6 36. Bg3 Qc5+ 37. Bf2 Qxc4 38. Qxc4 Bxc4 39. Bg3 c6 40. Kf2 f5 41. Ke1 Kf7 42. Kd2 Ne7 43. Kc3 Bf1 44. f4 Bxg2 45. Kc4 Nd5 46. a4 Nb6+ 47. Kb4 Ke6 48. a5 Nc8 49. Kc5 Kd7 50. Bh4 Kc7 51. Be1 Kb7 52. Bc3 g6 53. Bg7 h5 54. h4 Ka6 55. Bc3 Na7 56. Bd2 Nb5 57. Be1 Nc7 58. Bd2 Ne6+ 59. Kd6 Nd4 60. Kc5 Nf3 61. Bc3 Nxh4 62. Be1 Nf3 63. Bf2 h4 64. Kxc6 Kxa5 65. Kd6 h3 66. Bg3 h2 67. Bxh2 Nxh2 68. Ke6 Bf3 69. Kf6 Bh5 70. Kg5 Nf1 71. Kh4 Nd2 72. Kg5 Nb3 73. Kh4 Nc5 74. Kg5 Nd3 75. Kh4 Nxf4 76. Kg5 Nd5 77. Kh4 Kb5 78. Kg3 Kc4 79. Kf2 Kd4 0-1

[Event "4NCL Online Division 7"]
[Site "online"]
[Date "2021.04.20"]
[EventDate "2021.04.20"]
[Round "7.103"]
[White "Beavan, Andrew"]
[WhiteElo "1450"]
[WhiteTeam "Bolton and Worsley 2"]
[Black "Wrzesinski, Roman"]
[BlackElo "1231"]
[BlackTeam "The Hemel's Gambit"]
[Result "1-0"]
[PlyCount "137"]

1. e4 c6 2. Nc3 d5 3. exd5 cxd5 4. d4 Nc6 5. Bb5 Bf5 6. Qf3 Bxc2 7. Nxd5 e6 8. Bxc6+ bxc6 9. Ne3 Bb4+ 10. Bd2 Bxd2+ 11. Kxd2 Ba4 12. Ne2 Nf6 13. b3 Bb5 14. Nc2 O-O 15. Rhd1 Qd6 16. g3 Nd5 17. a4 Bxe2 18. Kxe2 Rab8 19. Kf1 a5 20. Ne3 Rxb3 21. Rdb1 Rfb8 22. Rxb3 Rxb3 23. Nc4 Qb4 24. Qe2 Nc3 25. Qd3 Nd5 26. Qe2 Rc3 27. Ne3 g6 28. Nxd5 cxd5 29. Qd2 Rb3 30. Qd1 Qc4+ 31. Kg2 Rd3 32. Qe1 Qxd4 33. Rb1 Qe4+ 34. Qxe4 dxe4 35. Rb5 Rd5 36. Kf1 Kf8 37. Ke2 Ke7 38. Ke3 f5 39. Rb7+ Rd7 40. Rb5 Ra7 41. Kd4 Kd6 42. g4 h6 43. gxf5 gxf5 44. Rb6+ Ke7 45. Ke5 Kf7 46. Rxe6 Re7 47. Rxe7+ Kxe7 48. Kxf5 Kd6 49. Kxe4 Kc5 50. f4 Kd6 51. f5 Ke7 52. Ke5 Kf7 53. f6 h5 54. h4 Kf8 55. Kf5 Kf7 56. Kg5 Ke6 57. Kg6 Ke5 58. Kg7 Kf4 59. f7 Kg4 60. f8=Q Kxh4 61. Qf6+ Kg4 62. Kh6 h4 63. Qg5+ Kh3 64. Kh5 Kh2 65. Kxh4 Kh1 66. Qg4 Kh2 67. Qe2+ Kh1 68. Kg3 Kg1 69. Qg2# 1-0

[Event "4NCL Online Division 7"]
[Site "online"]
[Date "2021.04.20"]
[EventDate "2021.04.20"]
[Round "7.104"]
[White "Shergill, Ranjit"]
[WhiteElo "1045"]
[WhiteTeam "The Hemel's Gambit"]
[Black "Cresswell, Gary"]
[BlackElo "1308"]
[BlackTeam "Bolton and Worsley 2"]
[Result "0-1"]
[PlyCount "56"]

1. e4 e5 2. g3 Nf6 3. Nf3 Nc6 4. Nc3 Bc5 5. Bg2 d5 6. exd5 Nxd5 7. Ne4 Qe7 8. Nxc5 Qxc5 9. O-O Be6 10. d3 O-O-O 11. c4 Ndb4 12. a3 Nxd3 13. Nd2 h5 14. Be4 Bh3 15. Bg2 Bxg2 16. Kxg2 f5 17. b3 g5 18. Qe2 Qd6 19. Nf3 Nd4 20. Nxd4 Qxd4 21. Bxg5 Rde8 22. Be3 Qd7 23. Rad1 e4 24. Bxa7 f4 25. Kh1 f3 26. Qd2 Rhg8 27. Be3 Qh3 28. Qa5 Qg2# 0-1

[Event "4NCL Online Division 7"]
[Site "online"]
[Date "2021.04.20"]
[EventDate "2021.04.20"]
[Round "7.111"]
[White "Holyhead, James"]
[WhiteElo "1473"]
[WhiteTeam "Shropshire 6"]
[Black "Graff, Ben"]
[BlackElo "1856"]
[BlackTeam "Throw in the Tal"]
[Result "0-1"]
[PlyCount "70"]

1. d4 d5 2. c4 c6 3. cxd5 cxd5 4. Nc3 Nf6 5. f3 Nc6 6. e4 e6 7. e5 Nd7 8. f4 Be7 9. Nf3 b6 10. Be3 Bb7 11. Bd3 g6 12. O-O O-O 13. a3 Na5 14. Rc1 Rc8 15. Qe1 Nc4 16. Rc2 Nxe3 17. Qxe3 Re8 18. Ng5 Kg7 19. Rcf2 Rh8 20. Nb5 a6 21. Nd6 Bxd6 22. exd6 Nf6 23. f5 exf5 24. Re2 Re8 25. Qg3 Rxe2 26. Bxe2 Rc6 27. Rxf5 Qxd6 28. Qxd6 Rxd6 29. Re5 h6 30. Nf3 Kf8 31. Kf2 Ng4+ 32. Kg3 Nxe5 33. Nxe5 Kg7 34. Kf4 Re6 35. g4 f6 0-1

[Event "4NCL Online Division 7"]
[Site "online"]
[Date "2021.04.20"]
[EventDate "2021.04.20"]
[Round "7.112"]
[White "Goodwin, Ed H"]
[WhiteElo "1838"]
[WhiteTeam "Throw in the Tal"]
[Black "Thompson, Richard G"]
[BlackElo "1468"]
[BlackTeam "Shropshire 6"]
[Result "1/2-1/2"]
[PlyCount "60"]

1. d4 e6 2. c4 f5 3. Nf3 Nf6 4. g3 Be7 5. Bg2 O-O 6. O-O d6 7. Nc3 a5 8. b3 Nbd7 9. Ng5 Nb6 10. Nf3 h6 11. Bb2 Nbd7 12. Qc2 Qe8 13. e4 fxe4 14. Nxe4 Nxe4 15. Qxe4 Nf6 16. Qd3 Qh5 17. h3 e5 18. dxe5 Bf5 19. Qe2 dxe5 20. Bxe5 Bxh3 21. Bxf6 Bxf6 22. Rad1 Rae8 23. Qd3 Bg4 24. Qd5+ Qxd5 25. Rxd5 b6 26. Nd4 Rd8 27. Rxd8 Rxd8 28. Nc6 Rd2 29. Re1 Kf8 30. Ne5 Re2 1/2-1/2

[Event "4NCL Online Division 7"]
[Site "online"]
[Date "2021.04.20"]
[EventDate "2021.04.20"]
[Round "7.113"]
[White "Pritchard, Andrew"]
[WhiteElo "1400"]
[WhiteTeam "Shropshire 6"]
[Black "Griffiths, Gareth N R"]
[BlackElo "1786"]
[BlackTeam "Throw in the Tal"]
[Result "0-1"]
[PlyCount "114"]

1. d4 Nf6 2. Bf4 g6 3. Nc3 Bg7 4. e4 d6 5. e5 Nh5 6. Qf3 Nxf4 7. Qxf4 dxe5 8. dxe5 Bf5 9. Qa4+ c6 10. g4 Be6 11. Nf3 O-O 12. Bd3 Nd7 13. Qd4 Nxe5 14. Qxd8 Nxf3+ 15. Ke2 Raxd8 16. Kxf3 Bxc3 17. bxc3 Rd7 18. Kg3 Rfd8 19. f3 b6 20. h4 c5 21. f4 c4 22. Be4 Bd5 23. Kf3 Bxe4+ 24. Kxe4 Rd2 25. Rac1 Re2+ 26. Kf3 Rdd2 27. Rhe1 Rxe1 28. Rxe1 Rxc2 29. Rxe7 Rxc3+ 30. Ke4 Ra3 31. Rb7 Rxa2 32. Kd4 Rf2 33. Ke3 Rh2 34. Rxa7 Rxh4 35. g5 h5 36. Rb7 c3 37. Rxb6 c2 38. Rc6 Rh2 39. Kd3 Kf8 40. Rxc2 Rxc2 41. Kxc2 h4 42. Kd2 h3 43. Ke2 h2 44. Kf2 h1=Q 45. Ke3 Qd5 46. Kf2 Qd3 47. Kg2 Ke7 48. Kf2 Ke6 49. Kg2 Kf5 50. Kf2 Kxf4 51. Kg2 Qe4+ 52. Kf2 Qf3+ 53. Ke1 Qg2 54. Kd1 Ke3 55. Kc1 Kd3 56. Kb1 Kc3 57. Ka1 Qb2# 0-1

[Event "4NCL Online Division 7"]
[Site "online"]
[Date "2021.04.20"]
[EventDate "2021.04.20"]
[Round "7.114"]
[White "Hayes, Solomon"]
[WhiteElo "1454"]
[WhiteTeam "Throw in the Tal"]
[Black "Casewell, John M"]
[BlackElo "1305"]
[BlackTeam "Shropshire 6"]
[Result "1-0"]
[PlyCount "93"]

1. e4 c5 2. Nf3 d6 3. Bb5+ Bd7 4. Bxd7+ Nxd7 5. c4 e5 6. Nc3 Ngf6 7. d3 Be7 8. O-O a6 9. a3 O-O 10. h3 Rb8 11. Be3 b5 12. Qc2 bxc4 13. dxc4 Nb6 14. Nd5 Qd7 15. Rfb1 Rfc8 16. Nxb6 Rxb6 17. b4 Rb7 18. bxc5 dxc5 19. Nxe5 Qc7 20. Nf3 Bd6 21. Rxb7 Qxb7 22. e5 Qe4 23. Qxe4 Nxe4 24. exd6 Nxd6 25. Re1 Nxc4 26. Bxc5 h6 27. Bd4 Nxa3 28. Ra1 Nc2 29. Rxa6 Nb4 30. Ra7 Nc6 31. Rb7 Nd8 32. Rd7 Ne6 33. Be3 Rf8 34. Kh2 Kh7 35. h4 f6 36. Kh3 Kg6 37. Re7 Nd8 38. Nd4 Nf7 39. g4 h5 40. gxh5+ Kxh5 41. Ne6 Rh8 42. Rxf7 Kg6 43. Rxg7+ Kf5 44. Nd4+ Ke4 45. Rg4+ Kd3 46. Kg3 Rf8 47. Rf4 1-0

[Event "4NCL Online Division 7"]
[Site "online"]
[Date "2021.04.20"]
[EventDate "2021.04.20"]
[Round "7.121"]
[White "Beryozkin, Sergey"]
[WhiteElo "2056"]
[WhiteTeam "Dun Laoghaire"]
[Black "Kosznik, Dariusz"]
[BlackElo "1853"]
[BlackTeam "Dundee City C"]
[Result "0-1"]
[PlyCount "112"]

1. e4 e6 2. Nf3 c5 3. d4 cxd4 4. Nxd4 Nc6 5. Be3 Nf6 6. Nc3 Bb4 7. Qd3 Ne5 8. Qb5 Bxc3+ 9. bxc3 Qc7 10. Qb4 a6 11. f3 d5 12. Bg5 dxe4 13. Bxf6 gxf6 14. fxe4 Bd7 15. c4 Rg8 16. Rb1 O-O-O 17. Qb6 Qxb6 18. Rxb6 Ba4 19. c3 Nd7 20. Rb4 Nc5 21. g3 a5 22. Rb1 Nxe4 23. Bg2 Nc5 24. O-O f5 25. Rb6 Rd7 26. Rfb1 h5 27. Nb5 Rd1+ 28. Rxd1 Bxd1 29. Na7+ Kc7 30. Rb5 b6 31. Rb1 Ba4 32. Kf2 Ne4+ 33. Bxe4 fxe4 34. Ke3 h4 35. Rg1 f5 36. Kf4 hxg3 37. hxg3 Kd6 38. Nb5+ Bxb5 39. cxb5 Rg4+ 40. Ke3 Kc5 41. a4 Kc4 42. Kf2 f4 43. Rd1 fxg3+ 44. Kg2 e3 45. Kf3 Rg5 46. Kxe3 g2 47. Rg1 Kxc3 48. Kf4 Rg8 49. Ke5 Kb4 50. Kd6 e5 51. Kc6 e4 52. Kxb6 e3 53. Ka7 e2 54. b6 e1=Q 55. Rxe1 g1=Q 56. Rxg1 Rxg1 0-1

[Event "4NCL Online Division 7"]
[Site "online"]
[Date "2021.04.20"]
[EventDate "2021.04.20"]
[Round "7.122"]
[White "Anderson, James"]
[WhiteElo "1644"]
[WhiteTeam "Dundee City C"]
[Black "O'Connell, David"]
[BlackElo "1810"]
[BlackTeam "Dun Laoghaire"]
[Result "0-1"]
[PlyCount "64"]

1. d4 d6 2. Bg5 Nd7 3. c3 c6 4. Nd2 Qc7 5. e3 e5 6. Bd3 Ngf6 7. Ne2 Be7 8. Bc2 d5 9. Bh4 e4 10. Bg3 Qd8 11. h3 Nf8 12. Nf4 Ne6 13. O-O h5 14. Kh1 g5 15. Nxe6 Bxe6 16. f3 exf3 17. Nxf3 g4 18. Ng5 gxh3 19. Nxe6 hxg2+ 20. Kxg2 fxe6 21. Bg6+ Kd7 22. Be5 Rh6 23. Bd3 Qg8+ 24. Kh1 Ng4 25. Bf4 Bg5 26. Qf3 Rf6 27. Qg3 Bxf4 28. exf4 Raf8 29. Rae1 Qf7 30. Qh4 Rxf4 31. Rxf4 Qxf4 32. Rf1 Nf2+ 0-1

[Event "4NCL Online Division 7"]
[Site "online"]
[Date "2021.04.20"]
[EventDate "2021.04.20"]
[Round "7.123"]
[White "Lohan, Martin"]
[WhiteElo "1802"]
[WhiteTeam "Dun Laoghaire"]
[Black "Jackson, Robert"]
[BlackElo "1575"]
[BlackTeam "Dundee City C"]
[Result "1/2-1/2"]
[PlyCount "75"]

1. Nf3 d5 2. g3 Nf6 3. Bg2 e6 4. O-O c5 5. d3 Be7 6. Nbd2 Nc6 7. e4 O-O 8. b3 Qc7 9. Bb2 d4 10. c3 e5 11. cxd4 exd4 12. Rc1 Nb4 13. Bxd4 Nxa2 14. Be5 Qd8 15. Ra1 Nb4 16. d4 Nd3 17. Bxf6 Bxf6 18. e5 Be7 19. Nc4 Nb4 20. d5 Qxd5 21. Nb6 Qxd1 22. Rfxd1 Rb8 23. Nxc8 Rfxc8 24. Rxa7 Nc6 25. Ra2 c4 26. bxc4 Nb4 27. Rad2 Rxc4 28. Rd7 Bc5 29. Rd8+ Rxd8 30. Rxd8+ Bf8 31. Rb8 Rc7 32. Nd4 Nc6 33. Nxc6 bxc6 34. Bf1 g6 35. Bc4 Kg7 36. f4 Bc5+ 37. Kg2 Bd4 38. Kf3 1/2-1/2

[Event "4NCL Online Division 7"]
[Site "online"]
[Date "2021.04.20"]
[EventDate "2021.04.20"]
[Round "7.124"]
[White "Vijayakumar, Rishi"]
[WhiteElo "1002"]
[WhiteTeam "Dundee City C"]
[Black "Jackson, Peter D."]
[BlackElo "1756"]
[BlackTeam "Dun Laoghaire"]
[Result "0-1"]
[PlyCount "108"]

1. d4 Nf6 2. c4 e6 3. Nf3 d5 4. Nc3 Be7 5. g3 O-O 6. cxd5 exd5 7. Bg2 Bf5 8. Qb3 Nc6 9. Qxb7 Nb4 10. O-O Nc2 11. Nh4 Rb8 12. Qc6 Bd7 13. Qa6 Nxa1 14. Qd3 c6 15. Qb1 Ne4 16. Nxe4 Bxh4 17. gxh4 dxe4 18. Bg5 Qb6 19. Be7 Rfe8 20. Bc5 Qb5 21. e3 Qxb2 22. Qxa1 a5 23. Qd1 Qxa2 24. Kh1 Rb2 25. Rg1 Rxf2 26. Qh5 Bh3 27. Qg5 Bxg2+ 28. Rxg2 Rxg2 29. Qxg2 Qxg2+ 30. Kxg2 f5 31. Kg3 Kf7 32. Kf4 Ke6 33. h3 a4 34. Kg5 Ra8 35. Ba3 Rb8 36. Bc5 Rb1 37. Bf8 Rg1+ 38. Kf4 h6 39. h5 Rg5 40. h4 Rxh5 41. Kg3 g5 42. hxg5 hxg5 43. Bg7 a3 44. d5+ cxd5 45. Bd4 Rh1 46. Bc3 a2 47. Bb2 a1=Q 48. Bxa1 Rxa1 49. Kh2 d4 50. Kg3 d3 51. Kf2 d2 52. Kg2 d1=Q 53. Kh2 Ra2+ 54. Kg3 Qf3# 0-1

[Event "4NCL Online Division 7"]
[Site "online"]
[Date "2021.04.20"]
[EventDate "2021.04.20"]
[Round "7.131"]
[White "Townsend, Ray P"]
[WhiteElo "1698"]
[WhiteTeam "Fossa Corieltauvorum"]
[Black "McGill, Brendan"]
[BlackElo "1440"]
[BlackTeam "Catford Cosmonauts 4"]
[Result "0-1"]
[PlyCount "94"]

1. f4 f5 2. Nf3 Nf6 3. e3 d6 4. b3 Nc6 5. Bb2 e6 6. Bb5 Bd7 7. Nh4 Qe7 8. Nc3 O-O-O 9. a4 Ne4 10. Nf3 h6 11. a5 a6 12. Bxc6 Bxc6 13. Nd4 Nxc3 14. Nxc6 bxc6 15. Bxc3 Qh4+ 16. g3 Qh3 17. Qe2 Rg8 18. Qxa6+ Kd7 19. O-O-O Qg2 20. Kb2 Be7 21. d4 Ra8 22. Qd3 Qd5 23. Rhe1 c5 24. e4 fxe4 25. Qxe4 Qxe4 26. Rxe4 c4 27. b4 d5 28. Re2 Rgb8 29. Rde1 Rxa5 30. Rxe6 Bd6 31. R6e2 Rab5 32. Kc1 Bxb4 33. Bxb4 Rxb4 34. Re7+ Kc6 35. R1e6+ Kb7 36. Rxg7 c3 37. Kd1 Rxd4+ 38. Ke2 Rd2+ 39. Kf3 Rxh2 40. Re3 Rxc2 41. Rd7 Kc6 42. Ree7 Rb7 43. Rh7 Rh2 44. Ke3 c2 45. Rde7 c1=Q+ 46. Kf3 Qd1+ 47. Ke3 Rb3# 0-1

[Event "4NCL Online Division 7"]
[Site "online"]
[Date "2021.04.20"]
[EventDate "2021.04.20"]
[Round "7.132"]
[White "Foreman, Anthony"]
[WhiteElo "1475"]
[WhiteTeam "Catford Cosmonauts 4"]
[Black "Harrison, Peter K"]
[BlackElo "1683"]
[BlackTeam "Fossa Corieltauvorum"]
[Result "1/2-1/2"]
[PlyCount "129"]

1. Nc3 e5 2. Nf3 Nc6 3. d4 Bb4 4. dxe5 Bxc3+ 5. bxc3 Qe7 6. Qd5 h6 7. e3 a6 8. Bc4 Rb8 9. a4 Qe6 10. Qe4 Qg6 11. Qf4 Nge7 12. Bd3 Qe6 13. Ba3 Ng6 14. Qg3 Ncxe5 15. Nxe5 Qxe5 16. Bxg6 Qxg3 17. Bxf7+ Kxf7 18. hxg3 d6 19. f3 Re8 20. Kf2 Re5 21. e4 Bd7 22. Bb4 a5 23. f4 Rxe4 24. Bxa5 b6 25. Bb4 c5 26. Ba3 Rxa4 27. Bb2 Rba8 28. Ke3 Bc6 29. Rhd1 d5 30. g4 Ke6 31. g3 Ra2 32. Rdb1 b5 33. Kd3 R8a4 34. Rxa2 Rxa2 35. Re1+ Kd6 36. Bc1 Ra4 37. Be3 Re4 38. Re2 Bd7 39. g5 hxg5 40. fxg5 Bf5 41. Kd2 d4 42. Bf4+ Kd5 43. Rf2 g6 44. Rf1 dxc3+ 45. Kxc3 Rc4+ 46. Kb3 Bxc2+ 47. Kb2 Bf5 48. Re1 Re4 49. Rd1+ Kc6 50. Rd6+ Kb7 51. Rd5 Kb6 52. Rd6+ Ka5 53. Rd5 c4 54. Bd2+ Ka4 55. Rd8 b4 56. Ra8+ Kb5 57. Rb8+ Kc6 58. Rxb4 Kc5 59. Rb8 Re2 60. Kc3 Rg2 61. Rd8 Rxg3+ 62. Kb2 Rd3 63. Rxd3 Bxd3 64. Kc3 Kd5 65. Bc1 1/2-1/2

[Event "4NCL Online Division 7"]
[Site "online"]
[Date "2021.04.20"]
[EventDate "2021.04.20"]
[Round "7.133"]
[White "Gray, Paul"]
[WhiteElo "1608"]
[WhiteTeam "Fossa Corieltauvorum"]
[Black "Barber, James R"]
[BlackElo "1307"]
[BlackTeam "Catford Cosmonauts 4"]
[Result "0-1"]
[PlyCount "46"]

1. e4 d5 2. exd5 Nf6 3. d4 Bg4 4. Be2 Bxe2 5. Nxe2 Qxd5 6. O-O Nc6 7. c3 e5 8. Re1 O-O-O 9. Be3 Bc5 10. Qd3 exd4 11. cxd4 Bxd4 12. Bxd4 Nxd4 13. Nbc3 Qf5 14. Qc4 Nc2 15. Nb5 c6 16. Nxa7+ Kb8 17. Nxc6+ bxc6 18. Qxc6 Qc8 19. Qb5+ Qb7 20. Qe5+ Ka8 21. Rac1 Nxe1 22. f3 Qa7+ 23. Kh1 Nd3 0-1

[Event "4NCL Online Division 7"]
[Site "online"]
[Date "2021.04.20"]
[EventDate "2021.04.20"]
[Round "7.134"]
[White "Hart, Simon"]
[WhiteElo "1250"]
[WhiteTeam "Catford Cosmonauts 4"]
[Black "Candlin, Don B"]
[BlackElo "1571"]
[BlackTeam "Fossa Corieltauvorum"]
[Result "1/2-1/2"]
[PlyCount "123"]

1. e4 c5 2. Nf3 d6 3. d4 cxd4 4. Nxd4 Nf6 5. Nc3 a6 6. Bg5 e6 7. Bc4 Be7 8. O-O O-O 9. Bb3 b5 10. a3 Bb7 11. Re1 Re8 12. Qd3 Nbd7 13. Qg3 Nc5 14. Bxf6 Bxf6 15. Rad1 Bxd4 16. Rxd4 d5 17. exd5 Nxb3 18. cxb3 exd5 19. Rxe8+ Qxe8 20. Kf1 Rc8 21. b4 Qe6 22. Qd3 Re8 23. Qe2 Qc8 24. Qd3 Re5 25. f4 Re8 26. Nxd5 Qc1+ 27. Qd1 Qxb2 28. Rd3 Bxd5 29. Rxd5 g6 30. Rd8 Rxd8 31. Qxd8+ Kg7 32. Qd3 Qc1+ 33. Ke2 Qxf4 34. Qc3+ Kh6 35. Qh3+ Kg7 36. Qc3+ f6 37. Qe3 Qxe3+ 38. Kxe3 f5 39. Kd4 Kf6 40. Kc5 Ke5 41. Kb6 Ke4 42. Kxa6 Ke3 43. Kxb5 Kf2 44. a4 Kxg2 45. a5 f4 46. a6 f3 47. a7 f2 48. a8=Q+ Kxh2 49. Qf3 Kg1 50. Kc4 f1=Q+ 51. Qxf1+ Kxf1 52. b5 g5 53. b6 g4 54. b7 g3 55. b8=Q g2 56. Qb1+ Kf2 57. Qc2+ Kg3 58. Qd3+ Kf2 59. Qd2+ Kf1 60. Qd1+ Kf2 61. Qd4+ Kf1 62. Qd1+ 1/2-1/2

[Event "4NCL Online Division 7"]
[Site "online"]
[Date "2021.04.20"]
[EventDate "2021.04.20"]
[Round "7.141"]
[White "Wylie, Steve"]
[WhiteElo "1755"]
[WhiteTeam "Devana Corieltauvorum"]
[Black "Geear, Alistair"]
[BlackElo "1600"]
[BlackTeam "Harborough Cuatro 2"]
[Result "0-1"]
[PlyCount "178"]

1. d4 Nf6 2. Bf4 d5 3. e3 c5 4. c3 Qb6 5. Qb3 c4 6. Qc2 Nc6 7. Nd2 Bg4 8. Ngf3 e6 9. b3 Bf5 10. Qd1 Ba3 11. Nh4 Bb2 12. Nxf5 exf5 13. Rb1 Bxc3 14. f3 O-O 15. bxc4 Bxd2+ 16. Kxd2 Qa5+ 17. Kc1 dxc4 18. Bxc4 Nh5 19. Bg5 h6 20. Bh4 Qc3+ 21. Qc2 Qxe3+ 22. Qd2 Qxd4 23. Qxd4 Nxd4 24. Rd1 Nc6 25. g4 fxg4 26. fxg4 Nf6 27. g5 hxg5 28. Bxg5 Ne4 29. Rg1 Ne5 30. Be2 Nc3 31. Rb2 Rfc8 32. Kd2 Nxe2 33. Kxe2 Re8 34. Kf1 Nf3 35. Rgg2 Nxg5 36. Rxg5 b6 37. Rbg2 g6 38. h4 Re6 39. h5 Rc8 40. Kg1 Rc1+ 41. Kh2 Ra1 42. hxg6 Rxg6 43. Rxg6+ fxg6 44. Kg3 Kf7 45. Kf4 Kf6 46. Ke4 Rd1 47. Rf2+ Ke6 48. Rg2 Kf6 49. Rf2+ Kg7 50. Rg2 b5 51. Rb2 a6 52. Rc2 Rd7 53. Rc6 a5 54. Rb6 Re7+ 55. Kf4 Re2 56. Kg5 Re5+ 57. Kg4 Kh6 58. a3 Re4+ 59. Kf3 Re5 60. Kf4 Rc5 61. Kg4 Rc4+ 62. Kf3 Rc3+ 63. Kg4 Rxa3 64. Rxb5 Ra4+ 65. Kg3 g5 66. Rb6+ Kh5 67. Rb8 Ra3+ 68. Kg2 Kg4 69. Rc8 Ra2+ 70. Kf1 Kf3 71. Rf8+ Kg4 72. Kg1 Kg3 73. Kf1 Ra1+ 74. Ke2 Ra2+ 75. Kf1 Ra1+ 76. Ke2 g4 77. Rh8 Ra2+ 78. Kf1 Kf3 79. Rf8+ Kg3 80. Rh8 a4 81. Rd8 Rb2 82. Rd3+ Kh4 83. Ra3 Rb4 84. Kg2 Rb2+ 85. Kg1 Rb4 86. Kg2 g3 87. Rd3 Rb2+ 88. Kg1 Kh3 89. Kf1 Kh2 0-1

[Event "4NCL Online Division 7"]
[Site "online"]
[Date "2021.04.20"]
[EventDate "2021.04.20"]
[Round "7.142"]
[White "Garland, Michael A snr"]
[WhiteElo "1510"]
[WhiteTeam "Harborough Cuatro 2"]
[Black "Manger, John D"]
[BlackElo "1660"]
[BlackTeam "Devana Corieltauvorum"]
[Result "0-1"]
[PlyCount "78"]

1. e4 e5 2. Nf3 Nf6 3. d3 Nc6 4. c3 d5 5. exd5 Nxd5 6. Be2 Be7 7. c4 Nf6 8. O-O O-O 9. Nc3 Bf5 10. Bg5 h6 11. Bxf6 Bxf6 12. Qc2 Qd7 13. Ne4 Be7 14. a3 f6 15. Ng3 Bg6 16. Rad1 Rad8 17. b4 Nd4 18. Nxd4 Qxd4 19. Ne4 Rd7 20. Qc3 Rfd8 21. Qxd4 Rxd4 22. f3 b6 23. Rd2 f5 24. Nc3 Rxc4 25. dxc4 Rxd2 26. Rd1 Rxd1+ 27. Bxd1 c6 28. Ba4 Be8 29. Kf2 Bf6 30. b5 c5 31. Bb3 Kf8 32. Nd5 Kf7 33. g3 Bd7 34. Ke3 g5 35. Nxf6 Kxf6 36. a4 Be6 37. f4 h5 38. fxe5+ Kxe5 39. Kf3 Kd4 0-1

[Event "4NCL Online Division 7"]
[Site "online"]
[Date "2021.04.20"]
[EventDate "2021.04.20"]
[Round "7.143"]
[White "Pettitt, David"]
[WhiteElo "1658"]
[WhiteTeam "Devana Corieltauvorum"]
[Black "Hill, Granville"]
[BlackElo "1425"]
[BlackTeam "Harborough Cuatro 2"]
[Result "1-0"]
[PlyCount "67"]

1. d4 Nf6 2. c4 e5 3. dxe5 Ne4 4. Nf3 b6 5. Nbd2 Bb4 6. a3 Bc5 7. Nxe4 Be7 8. Qc2 h6 9. b4 Bb7 10. Bb2 c5 11. Bc3 Qc7 12. e3 Nc6 13. Rb1 cxb4 14. axb4 Nd8 15. Be2 Ne6 16. O-O O-O 17. Rfd1 Rad8 18. Nd6 Bxf3 19. Bxf3 Bxd6 20. Rxd6 Qxc4 21. Rc1 Ng5 22. Qe2 Qc7 23. Bb2 Qb8 24. h4 Ne6 25. Rcd1 Rfe8 26. Qd2 Nf8 27. Bg4 Ne6 28. Rxd7 Rxd7 29. Qxd7 Rd8 30. Qa4 Rc8 31. Bxe6 fxe6 32. Qb3 Qc7 33. Qxe6+ Kh8 34. Rc1 1-0

[Event "4NCL Online Division 7"]
[Site "online"]
[Date "2021.04.20"]
[EventDate "2021.04.20"]
[Round "7.144"]
[White "Butler, Rene"]
[WhiteElo "1166"]
[WhiteTeam "Harborough Cuatro 2"]
[Black "Johnson, Andy G"]
[BlackElo "1707"]
[BlackTeam "Devana Corieltauvorum"]
[Result "0-1"]
[PlyCount "51"]

1. d4 d6 2. Bf4 g6 3. e3 Bg7 4. c3 Nd7 5. Be2 c5 6. Nf3 b6 7. Nbd2 Bb7 8. O-O Ngf6 9. Qa4 O-O 10. Bb5 a6 11. Bxd7 Nxd7 12. Qc2 b5 13. dxc5 Nxc5 14. Kh1 Rc8 15. Nb3 Be4 16. Qd2 Nd3 17. Bg3 Rc4 18. Nc1 Nxb2 19. Nd4 Na4 20. Nce2 Qc7 21. f3 Ba8 22. Bf4 e5 23. Bxe5 dxe5 24. Nc2 Nxc3 25. Nxc3 Rxc3 26. e4 0-1

[Event "4NCL Online Division 7"]
[Site "online"]
[Date "2021.04.20"]
[EventDate "2021.04.20"]
[Round "7.151"]
[White "Jones, Tim"]
[WhiteElo "1698"]
[WhiteTeam "Wessex Some Stars F"]
[Black "Patel, Krrish"]
[BlackElo "1411"]
[BlackTeam "Harrow 4"]
[Result "1/2-1/2"]
[PlyCount "105"]

1. e4 c5 2. Nf3 d6 3. d4 cxd4 4. Nxd4 Nf6 5. Nc3 g6 6. Be3 Bg7 7. f3 O-O 8. Qd2 Bd7 9. Bc4 a6 10. O-O-O Nc6 11. Nxc6 Bxc6 12. e5 dxe5 13. Qf2 Qc8 14. Bb3 e6 15. Rd2 Rd8 16. Rhd1 Rxd2 17. Rxd2 Qe8 18. Kb1 Rd8 19. Bb6 Rxd2 20. Qxd2 Qd7 21. Qxd7 Nxd7 22. Bf2 h5 23. Kc1 Kf8 24. Kd2 Ke7 25. a3 Kd6 26. Ne4+ Bxe4 27. fxe4 Nc5 28. Bxc5+ Kxc5 29. Kd3 Bh6 30. Ba2 g5 31. h3 g4 32. b4+ Kd6 33. a4 f5 34. c4 gxh3 35. gxh3 fxe4+ 36. Kxe4 Bd2 37. b5 axb5 38. cxb5 Bc3 39. Bb3 b6 40. Bd1 h4 41. Bg4 Kc5 42. Bd1 Kb4 43. Bc2 Bd4 44. Bd1 Ba1 45. Bc2 Bd4 46. Bd1 Kc3 47. Bg4 Kb2 48. Bd1 Kc1 49. Bg4 Kd2 50. Bxe6 Ke2 51. Bg4+ Kf2 52. Be6 Kg3 53. Bd7 1/2-1/2

[Event "4NCL Online Division 7"]
[Site "online"]
[Date "2021.04.20"]
[EventDate "2021.04.20"]
[Round "7.152"]
[White "Evans, Daniel"]
[WhiteElo "1490"]
[WhiteTeam "Harrow 4"]
[Black "Smith, Steven J"]
[BlackElo "1658"]
[BlackTeam "Wessex Some Stars F"]
[Result "1-0"]
[PlyCount "81"]

1. e4 e6 2. d4 d5 3. Nd2 Nf6 4. e5 Nfd7 5. c3 c5 6. f4 Nc6 7. Ndf3 Qb6 8. Nh3 cxd4 9. cxd4 Bb4+ 10. Kf2 f6 11. Be3 O-O 12. a3 Be7 13. b4 Qd8 14. g3 fxe5 15. dxe5 g5 16. Nfxg5 Bxg5 17. Qg4 Ndxe5 18. Qxg5+ Qxg5 19. Nxg5 Ng4+ 20. Ke2 d4 21. Bd2 e5 22. Bg2 d3+ 23. Kxd3 Nf2+ 24. Kc4 Nxh1 25. Bxh1 h6 26. Bd5+ Kg7 27. Nf3 Bd7 28. Bc3 Rac8 29. Kb3 Bf5 30. Nxe5 Nxe5 31. Bxe5+ Kg6 32. Ra2 Rfd8 33. Bxb7 Rd3+ 34. Ka4 Bd7+ 35. Ka5 Be6 36. Ra1 Rcd8 37. Be4+ Bf5 38. Bxd3 Rxd3 39. Ka6 Rd2 40. Kxa7 Rxh2 41. g4 1-0

[Event "4NCL Online Division 7"]
[Site "online"]
[Date "2021.04.20"]
[EventDate "2021.04.20"]
[Round "7.153"]
[White "Sandy, Paul"]
[WhiteElo "1615"]
[WhiteTeam "Wessex Some Stars F"]
[Black "Gurjar, Siena"]
[BlackElo "1455"]
[BlackTeam "Harrow 4"]
[Result "1-0"]
[PlyCount "83"]

1. e4 c6 2. Bc4 d5 3. exd5 cxd5 4. Bb3 Nf6 5. h3 Nc6 6. c3 Bf5 7. d3 h6 8. Ne2 e6 9. Ng3 Bh7 10. Qe2 Bd6 11. O-O O-O 12. Nd2 Qc7 13. Qf3 Ne5 14. Qe3 Nc6 15. d4 Rfe8 16. Re1 Bxg3 17. Qxg3 Qxg3 18. fxg3 Rac8 19. Nf3 Be4 20. Bf4 Bxf3 21. gxf3 Na5 22. Bc2 Nc4 23. Rab1 a6 24. g4 h5 25. Bd3 hxg4 26. hxg4 Nb6 27. Kf2 Nbd7 28. Rh1 Kf8 29. Bd6+ Kg8 30. g5 Rc6 31. Ba3 e5 32. gxf6 Nxf6 33. Rbe1 Rcc8 34. dxe5 g6 35. exf6 Rxe1 36. Rxe1 Kh7 37. Re7 Kh6 38. Rxf7 Kg5 39. Rxb7 Kxf6 40. Rb6+ Kg7 41. Rxg6+ Kf7 42. Rxa6 1-0